| 000 | 00540nam a22001937a 4500 | ||
|---|---|---|---|
| 999 |
_c14808 _d14808 |
||
| 003 | MIRAKIL | ||
| 005 | 20220222143353.0 | ||
| 008 | 220222b tu ||||| |||| 00| 0 tur d | ||
| 040 |
_aTR-AnCHP _cTR-AnCHP |
||
| 041 | _atur | ||
| 082 |
_a811.42 _bB24a 2011 |
||
| 100 | _aBakiler, Yavuz Bülent | ||
| 245 | 1 | 0 |
_aAşık Veysel / _cYavuz Bülent Bakiler. |
| 260 |
_aSivas : _bSivas Belediyesi, _c2011. |
||
| 300 |
_a236 s.: _c20 sm. |
||
| 504 | _aBibliyografik bilgi içerir. | ||
| 650 | 0 |
_919 _aTürk edebiyatı _xŞiirler |
|
| 942 |
_2ddc _cBKS |
||